| 000 | 01182nam a22003617a 4500 | ||
|---|---|---|---|
| 003 | CHAP | ||
| 005 | 20220329143809.0 | ||
| 008 | 110905s1974 mx a r 00010 spa d | ||
| 010 | _a102010 | ||
| 011 | _a102982 | ||
| 035 | _a113671 | ||
| 040 | _cCHAP | ||
| 090 | _aFolleto 18041 | ||
| 100 | 1 |
_aRosa, Martín de la. _999874 |
|
| 245 | 1 | 0 |
_aNetzahualcoyotl : _bun fenómeno _c/por Martín de la Rosa |
| 260 |
_aMéxico, D.F. : _bFCE, _c1974 |
||
| 300 |
_a32 p. : _bilus. |
||
| 490 | 0 |
_aTestimonios del fondo _v; 19 |
|
| 505 | 0 | _aIncluye fotografía aérea del municipio Netzahualcóyotl, Edo. de Méx. | |
| 590 |
_aBATCH-UPD _b10 _c20130110 _lUCH01 _h0920 |
||
| 590 |
_aBATCH-UPD _b10 _c20130410 _lUCH01 _h0542 |
||
| 590 |
_aBATCH-UPD _b10 _c20130914 _lUCH01 _h0428 |
||
| 590 |
_aCONVERSION _b10 _c20130109 _lUCH01 _h1356 |
||
| 650 | 1 | 4 |
_aAsentamiento social. _97891 |
| 650 | 1 | 4 |
_aCiudades y pueblos. _923507 |
| 650 | 1 | 4 |
_aDesarrollo de la comunidad. _931967 |
| 650 | 1 | 4 |
_aPobreza. _989463 |
| 650 | 1 | 4 |
_aUrbanismo. _9116824 |
| 830 | 0 |
_aTestimonios del fondo _v; 19 _9112481 |
|
| 901 | _aBK | ||
| 942 | _cFOLL | ||
| 949 |
_aFolleto 18041 _bBC _cFOLL _d33724002306983 _eTS1 _i113671 _si |
||
| 999 |
_c102010 _d102010 |
||